Stilistische Merkmale der deutschen Werbeslogans

Bibliographic Details
Main Author: Jílková, Hana, 1959- (Author)
Format: Article
Language:Slovak
German
ISSN:1335-3624
Subjects:

MARC

LEADER 00000nab a2200000 a 4500
001 vtls008700498
003 SK-MaSNL
005 20260304135328.0
008 250505c2005 xo |||| | ab 000 b|slo
015 |a SNBRB2006/05  |2 snkbucl 
035 |a (sysno)vtls008700498 
035 |a urn:nbn:sk:snk-ab78cn 
035 |a (uuid)ebe7853a-7328-4233-bd83-8531011fca97 
035 |a (urnnbn)urn:nbn:sk:snk:ar-a0766v 
038 |a SNKBUCL 
040 |a SNKBUCL  |b slo  |c SNKBUCL  |e AACR2 
041 0 |a ger  |b slo 
044 |a xo  |c SK 
080 |a 811.112.2`373.48  |2 1997 
080 |a 81`38:811.112.2  |2 1997 
080 |a 811.112.2`38  |2 1997 
080 |a 81`373.48:811.112.2  |2 1997 
100 1 |a Jílková, Hana,  |d 1959-  |4 aut  |9 1454415 
245 1 0 |a Stilistische Merkmale der deutschen Werbeslogans  |c Hana Jílková 
504 |a Bibliogr. odkazy 
546 |a Res. slov. 
650 0 7 |a nemčina  |2 snkbucl  |9 1384 
650 0 7 |a štylistika  |2 snkbucl  |9 870 
650 0 7 |a slogany  |2 snkbucl  |9 30053 
650 0 7 |a nominalizácia  |2 snkbucl  |9 732285 
650 0 7 |a nominalistický štýl  |2 snkbucl  |9 1454416 
655 7 |a štúdie  |2 snkbucl  |9 57033 
773 0 |t Filologická revue  |g Roč. 8, č. 1-2 (2005), s. 37-51  |x 1335-3624 
850 |a Slovenská národná knižnica 
852 |a Slovenská národná knižnica 
954 |a odborná, vedecká literatúra cudzojazyčná (svetová)  |2 lita 
958 |a article27 
958 |a NB 
958 |a DE 
958 |a OND 
958 |a EUIPO 
999 |c 2910313  |d 2912243